000 00737nam a2200193Ia 4500
003 GCL
008 140319s9999 xx 000 0 ara d
040 _aGCL /
_cGCL
082 0 4 _a004
_bف م
245 1 0 _aصيانة الحاسب :
_bطريقة العمل - المشاكل - الحلول
260 _aالقاهرة :
_bخورازم للنشر والتوزيع والكمبيوتر
300 _a389 ص ؛
_c24 سم
650 0 4 _aالحاسبات الالكترونية
650 0 4 _aنظم المعلومات
650 0 4 _aالحاسبات الالكترونية - تصميم
650 0 4 _aالحاسبات الالكترونية - برامج
650 0 4 _aالحاسبات الالكترونية - صيانة
942 _2ddc
_cBK
999 _c5460
_d5460